000 00430nam a2200181Ia 4500
005 20250423101530.0
008 250422s9999 xx 000 0 und d
020 _a1-55619-470-9
050 _aPZ.G486/
100 _aDorothy Gilman
245 0 _aThree complete Mrs Pollifax Mysteries
260 _aNew York
260 _bBarnes And Noble Books
260 _c1973
300 _a537 p
650 _aLiterature
942 _cBK
999 _c36564
_d36564